Sketch of the life and educational labors of Ebenezer Bailey. (Record no. 19874)
[ view plain ]
| 000 -LEADER | |
|---|---|
| fixed length control field | 01024cam a22002771 4500 |
| 001 - CONTROL NUMBER | |
| control field | e 15002031 |
| 003 - CONTROL NUMBER IDENTIFIER | |
| control field | DLC |
| 005 - DATE AND TIME OF LATEST TRANSACTION | |
| control field | 20260227111204.0 |
| 007 - PHYSICAL DESCRIPTION FIXED FIELD--GENERAL INFORMATION | |
| fixed length control field | cr_||||||||||| |
| 008 - FIXED-LENGTH DATA ELEMENTS--GENERAL INFORMATION | |
| fixed length control field | 790915r18611828nyuc 000 0beng c |
| 010 ## - LIBRARY OF CONGRESS CONTROL NUMBER | |
| LC control number | e 15002031 |
| 035 ## - SYSTEM CONTROL NUMBER | |
| System control number | (OCoLC)5377947 |
| 040 ## - CATALOGING SOURCE | |
| Original cataloging agency | U.S. Off. of Educ. Library |
| Transcribing agency | NcGrE |
| Modifying agency | DLC |
| 042 ## - AUTHENTICATION CODE | |
| Authentication code | premarc |
| 050 00 - LIBRARY OF CONGRESS CALL NUMBER | |
| Classification number | LA2317.B13 |
| Item number | S5 |
| 245 00 - TITLE STATEMENT | |
| Title | Sketch of the life and educational labors of Ebenezer Bailey. |
| 260 ## - PUBLICATION, DISTRIBUTION, ETC. | |
| Place of publication, distribution, etc. | [New York?] |
| Date of publication, distribution, etc. | 1861. |
| 300 ## - PHYSICAL DESCRIPTION | |
| Extent | 43 p. |
| Other physical details | front. (port.) |
| Dimensions | 22 cm. |
| 500 ## - GENERAL NOTE | |
| General note | Republished from Barnard's American journal of education. |
| 500 ## - GENERAL NOTE | |
| General note | Appendix: Extracts from "Review of the Mayor's report." Printed 1828. Signed: Ebenezer Bailey. |
| 500 ## - GENERAL NOTE | |
| General note | Note, p. [5] signed: H. B. [i.e. Henry Barnard] |
| 530 ## - ADDITIONAL PHYSICAL FORM AVAILABLE NOTE | |
| Additional physical form available note | Also available in digital form on the Internet Archive Web site. |
| 600 10 - SUBJECT ADDED ENTRY--PERSONAL NAME | |
| Personal name | Bailey, Ebenezer, |
| Dates associated with a name | 1795-1839. |
| 700 1# - ADDED ENTRY--PERSONAL NAME | |
| Personal name | Barnard, Henry, |
| Titles and other words associated with a name | 1811-1900, |
| Relator term | ed. |
| 856 41 - ELECTRONIC LOCATION AND ACCESS | |
| Uniform Resource Identifier | <a href="http://hdl.loc.gov/loc.gdc/scd0001.00217206418">http://hdl.loc.gov/loc.gdc/scd0001.00217206418</a> |
No items available.